[Event "Frauenbundesliga 2021-22"]
[Site "Germany"]
[Date "2022.03.20"]
[Round "5.5"]
[White "Grabowski, Petra"]
[Black "Naumann, Nadine"]
[Result "0-1"]
[WhiteElo "1622"]
[BlackElo "1960"]
[Annotator "TA"]
[PlyCount "90"]
[EventDate "2021.11.26"]
[EventType "team-tourn"]
[EventCountry "GER"]
[SourceTitle "playchess.com"]
[Source "ChessBase"]
[SourceQuality "1"]

{[%evp 13,90,0,-5,0,0,-6,2,3,60,0,10,8,108,102,100,120,106,0,0,0,0,0,0,0,0,0,0,-12,-8,-63,-63,-69,-30,-49,-33,-45,-27,-50,-33,-124,-120,-188,-193,-1345,-1309,-1915,-1870,-29977,-29978,-29975,-12835,-29983,-29984,-29986,-29987,-29986,-29987,-29987,-29987,-29989,-29990,-29990,-29991,-29993,-29993,-29994,-29995,-29995,-29995,-29996,-29997,-29998,-29997,-29998,-29997,-29997,-29998,-29998,-29999]} 1. d4 d5 2. c4 e6 3. Nc3 c6 4. e3 Nf6 5. Qc2 Bd6 6. Nf3 Nbd7 7. cxd5 exd5 8. Bd3 {D45: Semi-Slav: 5 e3.} Nb6 9. h3 {[#]} Bd7 $146 ({Predecessor:} 9... Qc7 10. O-O h6 11. Bd2 Be6 12. Rac1 Rc8 13. Na4 Nxa4 14. Qxa4 O-O 15. a3 Ne4 {0-1 (46) Slavik,M-Holzner,S ICCF corr 1996}) 10. Ne5 {The position is equal.} Nc8 ({Better is} 10... O-O $11) 11. e4 (11. Bd2 $14) 11... dxe4 $11 12. Nxe4 Bxe5 (12... Nxe4 $11 {keeps the balance.} 13. Bxe4 Ne7) 13. dxe5 $16 Nxe4 14. Bxe4 Qa5+ 15. Qc3 (15. Bd2 $16 Qa6 16. Bd3) 15... Qxc3+ $11 16. bxc3 Nb6 17. f4 Na4 18. Bd2 Be6 ({Much less strong is} 18... Nc5 19. Bc2 $14) 19. Bc2 Nb6 20. Bb3 O-O-O 21. Bxe6+ (21. Be3 $11) 21... fxe6 $15 22. Ke2 Rd7 23. Be3 Nd5 24. Bd2 Rhd8 25. Rhd1 $1 b5 {[%cal Bb7b5,Bb5c4,Bc4c3][%mdl 32]} 26. c4 {Black converts the advantage convincingly.} (26. Rac1 $1 $15) 26... bxc4 $17 {Strongly threatening ...c3. Black is more active.} 27. Rac1 {Inhibits c3.} (27. g3 $17 {was called for.}) 27... c3 $1 $19 28. Be1 {[#]} (28. Be3) 28... Nxf4+ 29. Kf2 Rxd1 30. Rxd1 Rxd1 31. Bxc3 Nd5 32. Ba5 Ra1 {Black mates.} 33. Kf3 Rxa2 34. Be1 a5 35. g4 a4 36. g5 g6 37. h4 a3 38. Ba5 Rc2 39. h5 a2 40. hxg6 hxg6 41. Ke4 a1=Q 42. Bc3 Nxc3+ 43. Kd3 Qd1+ 44. Kc4 Ne4+ 45. Kb4 Qb1+ {Weighted Error Value: White=0.91/Black=0.14 (very precise)} 0-1

[Event "Frauenbundesliga 2021-22"]
[Site "Germany"]
[Date "2022.03.19"]
[Round "5.6"]
[White "Genova, Lyubka"]
[Black "Doll, Rebecca"]
[Result "1-0"]
[WhiteElo "2222"]
[BlackElo "1941"]
[Annotator "ChessBase"]
[PlyCount "83"]
[EventDate "2021.11.26"]
[EventType "team-tourn"]
[EventCountry "GER"]
[SourceTitle "playchess.com"]
[Source "ChessBase"]
[SourceQuality "1"]
[TimeControl "40/5400+30:1800+30"]

1. e4 {[%emt 0:00:09]} e5 {[%emt 0:00:05]} 2. Nf3 {[%emt 0:00:16]} Nc6 {[%emt 0:00:06]} 3. Nc3 {[%emt 0:00:16]} Nf6 {[%emt 0:00:11]} 4. d4 {[%emt 0:00:08]} exd4 {[%emt 0:00:12]} 5. Nxd4 {[%emt 0:00:09]} Nxe4 {[%emt 0:00:11]} 6. Nxe4 {[%emt 0:13:09]} Qe7 {[%emt 0:00:09]} 7. f3 {[%emt 0:03:36]} d5 {[%emt 0:00:12]} 8. Nxc6 {[%emt 0:06:54]} bxc6 {[%emt 0:01:28]} 9. Bd3 {[%emt 0:01:29]} dxe4 {[%emt 0:04:14]} 10. fxe4 {[%emt 0:00:23]} Qh4+ {[%emt 0:02:39]} 11. g3 {[%emt 0:00:15]} Qf6 {[%emt 0:00:48]} 12. c3 {[%emt 0:10:03]} Bh3 {[%emt 0:11:05]} 13. Qe2 {[%emt 0:01:57]} Bd6 {[%emt 0:08:00]} 14. Be3 {[%emt 0:19:51]} Be5 {[%emt 0:11:29]} 15. O-O-O {[%emt 0:08:01]} a5 {[%emt 0:16:58]} 16. Bc2 {[%emt 0:04:49]} O-O {[%emt 0:08:07]} 17. Bd4 {[%emt 0:04:45]} Rfe8 {[%emt 0:08:54]} 18. Kb1 {[%emt 0:05:15]} Qg6 {[%emt 0:06:52]} 19. Qf2 {[%emt 0:03:10]} Re7 {[%emt 0:10:00]} 20. Bxe5 {[%emt 0:05:08]} Rxe5 {[%emt 0:00:09]} 21. Qf4 {[%emt 0:00:15]} Qe6 {[%emt 0:03:34]} 22. Rhg1 {[%emt 0:04:59]} g5 {[%emt 0:03:44]} 23. Qf2 {[%emt 0:00:38]} Bg4 {[%emt 0:00:20]} 24. Rdf1 {[%emt 0:01:26]} a4 {[%emt 0:00:37]} 25. h4 {[%emt 0:00:42]} Bh3 {[%emt 0:00:34]} 26. Rd1 {[%emt 0:00:30]} h6 {[%emt 0:00:53]} 27. hxg5 {[%emt 0:01:19]} hxg5 {[%emt 0:00:05]} 28. Rh1 {[%emt 0:00:05]} g4 {[%emt 0:01:16]} 29. Rd4 {[%emt 0:02:14]} c5 {[%emt 0:00:36]} 30. Rdd1 {[%emt 0:00:51]} a3 {[%emt 0:00:31]} 31. b3 {[%emt 0:02:28]} Rb8 {[%emt 0:00:21]} 32. Ka1 {[%emt 0:00:43]} Rh5 {[%emt 0:00:35]} 33. Rhe1 {[%emt 0:00:32]} Qe5 {[%emt 0:00:14]} 34. Re3 {[%emt 0:00:10]} Qe6 {[%emt 0:00:51]} 35. Bd3 {[%emt 0:00:35]} Rh6 {[%emt 0:01:05]} 36. e5 {[%emt 0:00:41]} Rh5 {[%emt 0:00:13]} 37. Bc4 {[%emt 0:00:13]} Qf5 {[%emt 0:00:44]} 38. Qe2 {[%emt 0:00:50]} Kg7 {[%emt 0:00:40]} 39. e6 {[%emt 0:00:20]} fxe6 {[%emt 0:00:18]} 40. Rxe6 {[%emt 0:00:37]} Qf3 {[%emt 0:00:44]} 41. Re7+ {[%emt 0:04:27]} Kg6 {[%emt 0:06:57]} 42. Bd3+ {[%emt 0:01:02]} 1-0

[Event "Frauenbundesliga 2021-22"]
[Site "Germany"]
[Date "2022.03.20"]
[Round "5.6"]
[White "Giebel, Christine"]
[Black "Lossin, Charlotte"]
[Result "1-0"]
[WhiteElo "1827"]
[BlackElo "1527"]
[Annotator "NA RC"]
[PlyCount "61"]
[EventDate "2021.11.26"]
[EventType "team-tourn"]
[EventCountry "GER"]
[SourceTitle "playchess.com"]
[Source "ChessBase"]
[SourceQuality "1"]
[TimeControl "40/5400+30:1800+30"]

1. e4 {[%emt 0:00:50]} e6 {[%emt 0:00:12]} 2. d4 {[%emt 0:00:08]} d5 {[%emt 0:00:06]} 3. Nc3 {[%emt 0:00:06]} Nf6 {[%emt 0:01:21]} 4. e5 {[%emt 0:00:32]} Nfd7 {[%emt 0:00:20]} 5. f4 {[%emt 0:01:07]} c5 {[%emt 0:02:42]} 6. Nf3 {[%emt 0:00:55]} Nc6 {[%emt 0:03:03]} 7. Ne2 {[%emt 0:00:34]} Qb6 {[%emt 0:05:27]} 8. c3 {[%emt 0:01:02]} cxd4 {[%emt 0:00:59]} 9. cxd4 {[%emt 0:03:34]} Be7 {[%emt 0:07:45]} 10. Nc3 {[%emt 0:05:13]} f6 {[%emt 0:06:04]} 11. Be2 {[%emt 0:03:41]} O-O {[%emt 0:02:58]} 12. a3 {[%emt 0:06:34]} a6 {[%emt 0:02:05]} 13. b4 {[%emt 0:03:17]} Qa7 {[%emt 0:13:29]} 14. Na4 {[%emt 0:19:09]} b5 {[%emt 0:07:18]} 15. Nc5 {[%emt 0:04:28]} Nb6 {[%emt 0:00:17]} 16. O-O {[%emt 0:04:55]} Nc4 {[%emt 0:01:15]} 17. Kh1 {[%emt 0:05:35]} Kh8 {[%emt 0:16:20]} 18. Qe1 {[%emt 0:14:24]} Qc7 {[%emt 0:01:32]} 19. Bd3 {[%emt 0:04:52]} a5 {[%emt 0:06:43]} 20. Bxc4 {[%emt 0:06:54]} dxc4 {[%emt 0:01:25]} 21. Bd2 {[%emt 0:03:43]} a4 {[%emt 0:01:47]} 22. Bc3 {[%emt 0:01:37]} fxe5 {[%emt 0:04:08]} 23. fxe5 {[%emt 0:00:49]} Rf4 {[%emt 0:02:28]} 24. Qg3 {[%emt 0:02:41]} Rf8 {[%emt 0:00:58]} 25. Ng5 {[%emt 0:01:42]} Bxc5 {[%emt 0:01:01]} 26. bxc5 {[%emt 0:00:02]} Qe7 {[%emt 0:00:52]} 27. Ne4 {[%emt 0:01:17]} Ba6 {[%emt 0:03:45]} 28. Nd6 {[%emt 0:00:28]} Qd7 {[%emt 0:04:55]} 29. Rf3 {[%emt 0:00:18]} Rxf3 {[%emt 0:00:26]} 30. Qxf3 {[%emt 0:00:04]} Rd8 {[%emt 0:00:36]} 31. Nf7+ {[%emt 0:00:22]} 1-0

[Event "Frauenbundesliga 2021-22"]
[Site "Germany"]
[Date "2022.03.19"]
[Round "5.7"]
[White "Klek, Hanna Marie"]
[Black "Antolak, Julia"]
[Result "1/2-1/2"]
[WhiteElo "2314"]
[BlackElo "2368"]
[Annotator "NA"]
[PlyCount "120"]
[EventDate "2021.11.26"]
[EventType "team-tourn"]
[EventCountry "GER"]
[SourceTitle "playchess.com"]
[Source "ChessBase"]
[SourceQuality "1"]
[TimeControl "40/5400+30:1800+30"]

1. e4 {[%emt 0:00:03]} c6 {[%emt 0:00:07]} 2. d4 {[%emt 0:00:07]} d5 {[%emt 0:00:06]} 3. e5 {[%emt 0:00:04]} c5 {[%emt 0:00:06]} 4. dxc5 {[%emt 0:00:06]} e6 {[%emt 0:00:15]} 5. Nf3 {[%emt 0:01:49]} Bxc5 {[%emt 0:01:04]} 6. Bd3 {[%emt 0:00:14]} Ne7 {[%emt 0:00:44]} 7. O-O {[%emt 0:00:42]} Ng6 {[%emt 0:00:55]} 8. a3 {[%emt 0:01:23] 8.Nbd2 is more fashionable.} Qc7 {[%emt 0:02:23]} 9. b4 {[%emt 0:01:29]} Bb6 {[%emt 0:00:54]} 10. Bb2 {[%emt 0:00:33]} a5 {[%emt 0:02:04] [#]} 11. Nc3 $146 {[%emt 0:06:13]} ({Predecessor:} 11. Re1 axb4 12. axb4 Rxa1 13. Bxa1 Nc6 14. Qd2 Bd7 15. h4 O-O 16. h5 Nge7 17. h6 {0-1 (43) Salimova,N (2395)-Napoli,N (2317) Chess.com INT 2021}) 11... O-O {[%emt 0:05:24]} 12. Nb5 {[%emt 0:04:21]} Qe7 {[%emt 0:01:55]} 13. Nd6 {[%emt 0:11:13]} Bc7 {[%emt 0:09:09]} 14. c4 {[%emt 0:11:32]} dxc4 {[%emt 0:09:35]} 15. Nxc4 {[%emt 0:00:46]} Rd8 {[%emt 0:03:12]} 16. Qb3 {[%emt 0:06:18]} a4 {[%emt 0:07:02]} 17. Qc2 {[%emt 0:02:19]} b5 {[%emt 0:08:55]} 18. Ncd2 {[%emt 0:07:18]} Bb7 {[%emt 0:02:34]} 19. Bxb5 {[%emt 0:09:17]} Nf4 {[%emt 0:04:36]} 20. Rad1 {[%emt 0:06:04]} Nxg2 {[%emt 0:06:24]} 21. Ne4 {[%emt 0:06:20]} Nf4 {[%emt 0:07:11]} 22. Rxd8+ {[%emt 0:00:22]} Bxd8 {[%emt 0:01:34]} 23. Bc1 {[%emt 0:00:54]} Ng6 {[%emt 0:02:19]} 24. Qe2 {[%emt 0:05:37]} Nd7 {[%emt 0:04:56]} 25. Bg5 {[%emt 0:01:52]} f6 {[%emt 0:00:28]} 26. exf6 {[%emt 0:00:15]} gxf6 {[%emt 0:00:16]} 27. Rd1 {[%emt 0:05:09]} Ngf8 {[%emt 0:03:01]} 28. Bh6 {[%emt 0:01:24]} Bd5 {[%emt 0:02:41]} 29. Ng3 {[%emt 0:01:43]} Qf7 {[%emt 0:01:50]} 30. Bc4 {[%emt 0:01:15]} Nb6 {[%emt 0:00:58]} 31. Bxd5 {[%emt 0:00:13]} Nxd5 {[%emt 0:00:09]} 32. Nd4 {[%emt 0:00:25]} Nc3 {[%emt 0:03:20]} 33. Qf3 {[%emt 0:03:33]} Nxd1 {[%emt 0:04:58]} 34. Qxa8 {[%emt 0:00:05]} Be7 {[%emt 0:00:29]} 35. Qxa4 {[%emt 0:01:11]} Nc3 {[%emt 0:00:48]} 36. Qc6 {[%emt 0:00:29]} Nd5 {[%emt 0:02:19]} 37. Bxf8 {[%emt 0:00:46]} Bxf8 {[%emt 0:00:22]} 38. Qxe6 {[%emt 0:01:16]} Qxe6 {[%emt 0:01:43]} 39. Nxe6 {[%emt 0:00:02]} Bh6 {[%emt 0:00:22]} 40. b5 {[%emt 0:01:40]} Nb6 {[%emt 0:01:26]} 41. Nd4 {[%emt 0:06:36]} Bf8 {[%emt 0:03:46]} 42. Nc2 {[%emt 0:00:15]} Kf7 {[%emt 0:00:17]} 43. Kf1 {[%emt 0:02:09]} Ke6 {[%emt 0:00:22]} 44. Ke2 {[%emt 0:02:01]} Kd5 {[%emt 0:00:37]} 45. Kd3 {[%emt 0:03:44]} Nc4 $18 {[%emt 0:05:32]} 46. Ne3+ {[%emt 0:08:35]} Nxe3 {[%emt 0:00:09]} 47. fxe3 {[%emt 0:00:16]} Bxa3 {[%emt 0:00:19]} 48. Ne4 {[%emt 0:01:04]} f5 {[%emt 0:05:18]} 49. Nf6+ {[%emt 0:04:54]} Kc5 {[%emt 0:00:38]} 50. Nxh7 {[%emt 0:00:19]} Kxb5 {[%emt 0:00:18]} 51. Ng5 {[%emt 0:02:28]} Kc6 {[%emt 0:02:08]} 52. h4 {[%emt 0:00:59]} Be7 {[%emt 0:01:49]} 53. Nf3 {[%emt 0:01:07]} Kd5 {[%emt 0:01:35]} 54. h5 {[%emt 0:01:29]} Bf8 {[%emt 0:01:14]} 55. Nh4 {[%emt 0:00:11]} Ke6 {[%emt 0:00:15]} 56. Ng6 {[%emt 0:00:49]} Bh6 {[%emt 0:00:43]} 57. Kd4 {[%emt 0:00:16]} Bg7+ {[%emt 0:00:53]} 58. Kc4 {[%emt 0:01:19]} Bh6 {[%emt 0:04:04]} 59. Kd3 {[%emt 0:00:48]} Bg5 {[%emt 0:00:37]} 60. Ke2 {[%emt 0:01:44]} Bh6 {[%emt 0:00:41]} 1/2-1/2

[Event "Frauenbundesliga 2021-22"]
[Site "Germany"]
[Date "2022.03.20"]
[Round "5.7"]
[White "Cosma, Elena-Luminita"]
[Black "Cyfka, Karina"]
[Result "1/2-1/2"]
[WhiteElo "2281"]
[BlackElo "2401"]
[Annotator "TA"]
[PlyCount "109"]
[EventDate "2021.11.26"]
[EventType "team-tourn"]
[EventCountry "GER"]
[SourceTitle "playchess.com"]
[Source "ChessBase"]
[SourceQuality "1"]

{[%evp 10,109,16,16,34,27,22,18,20,8,28,0,0,-16,-19,-52,-19,-54,0,-47,-14,-46,0,-36,0,-33,-20,-20,-22,-63,0,-27,-14,-57,-6,-10,-6,-26,0,0,0,0,6,6,10,8,12,-9,-31,-27,-14,-28,-14,-15,-14,-275,-261,-273,-256,-258,-250,-303,10,13,6,6,8,8,8,12,12,0,0,0,0,0,0,-155,0,0,0,0,0,0,0,0,0,0,0,0,8,0,0,0,0,0,0,0,0,0,0,0]} 1. d4 Nf6 2. Nf3 e6 3. c4 Bb4+ 4. Bd2 Qe7 5. g3 Bxd2+ 6. Qxd2 Nc6 {E11: Bogo-Indian.} 7. Nc3 d5 8. Bg2 dxc4 9. O-O O-O 10. Rfd1 {[%mdl 1024] White has compensation.} Rd8 11. Qg5 Nd5 {[#]} 12. Qc1 $146 ({Predecessor:} 12. Qxe7 Ncxe7 13. Ne5 Nb6 14. e3 f6 15. Nf3 Bd7 16. Nd2 Bc6 17. Bf1 Ned5 18. Nxc4 Nxc3 19. bxc3 Nxc4 20. Bxc4 {½-½ (67) Wang,Y (2720)-Ivanchuk,V (2704) Beijing 2014}) 12... Rb8 13. e4 Nb6 (13... Nf6 $15) 14. Qf4 (14. Nb5 $11 {should be considered.}) 14... a6 {[%cal Oe6e5]} (14... e5 $5 15. dxe5 Be6 $15) 15. Rac1 h6 (15... e5 $15 {might be stronger.} 16. dxe5 Be6) 16. h4 f6 (16... e5 $5 17. dxe5 Be6 $15) 17. Kh2 Rf8 18. Qe3 Bd7 19. Bf1 (19. d5 $11 exd5 20. Nxd5 Nxd5 21. exd5 Qxe3 22. fxe3) 19... Rfe8 (19... f5 $15) 20. Re1 Rbd8 21. d5 (21. Nb1 $11 {is superior.}) 21... Ne5 (21... Na5 $15) 22. Nxe5 $11 fxe5 23. Rcd1 {[%cal Od5d6]} Bb5 24. Bh3 exd5 25. exd5 Qf8 26. Be6+ Kh8 27. Kg1 Na4 28. Nxb5 axb5 29. Qxe5 Qd6 {[#] Hoping for ...Qxe5.} (29... Qf6 {looks sharper.} 30. Qxc7 Nxb2 31. Rd2 Nd3 32. Ree2 Qd4) 30. Qxd6 Rxd6 31. Bf7 Rf8 32. Be6 {[%mdl 8192]} (32. Re7 $11 {and White has nothing to worry.}) 32... Nxb2 $19 33. Rd2 c3 (33... Nd3 $2 34. Re3 $19) 34. Rc2 b4 35. Re4 c6 $2 ({Black should play} 35... c5 $19 {And now ...b5 would win.} 36. dxc6 bxc6) 36. Rxb4 $11 cxd5 {[#]} 37. Rxc3 $1 Nd1 ({Don't take} 37... Rxe6 38. Rxb2 b6 39. Rcb3 $14) 38. Rc8 Rxc8 39. Bxc8 {[%mdl 4096] Endgame KRB-KRN} b6 40. Rf4 Rd8 41. Ba6 Nc3 42. Rb4 {To avoid b5} d4 43. Rb2 $2 (43. Bd3 $11) 43... Na4 $2 (43... b5 $17 {...d3 is the strong threat.} 44. Bxb5 Rb8) 44. Rd2 {The position is equal.} Nc5 45. Bc4 d3 46. f3 g5 47. hxg5 hxg5 48. Kf2 g4 49. Ke3 {[%cal Rc4d3]} ({Wrong is} 49. fxg4 $2 Ne4+ 50. Ke3 Nxd2 51. Kxd2 Rd4 $19) 49... gxf3 50. Kxf3 Rd4 51. Bb5 Kg7 52. Ke3 {[%csl LRd3,LRd4]} Re4+ 53. Kf3 Rd4 54. Ke3 {[%csl LRd3,LRd4]} Re4+ 55. Kf3 {Weighted Error Value: White=0.30/Black=0.26 (precise)} 1/2-1/2

[Event "Frauenbundesliga 2021-22"]
[Site "Germany"]
[Date "2022.03.20"]
[Round "5.8"]
[White "Kulon, Klaudia"]
[Black "Voicu-Jagodzinsky, Carmen"]
[Result "1/2-1/2"]
[WhiteElo "2319"]
[BlackElo "2290"]
[Annotator "TA"]
[PlyCount "110"]
[EventDate "2021.11.26"]
[EventType "team-tourn"]
[EventCountry "GER"]
[SourceTitle "playchess.com"]
[Source "ChessBase"]
[SourceQuality "1"]

{[%evp 9,110,20,20,15,6,0,16,0,0,0,4,-55,-55,-47,-54,-54,-45,-50,-52,-56,-42,-39,-29,-56,0,0,0,0,6,-8,0,-4,0,0,0,0,0,-25,0,0,0,0,0,-92,0,0,0,-26,50,50,59,0,0,0,0,0,0,0,0,-231,-191,-216,-196,-207,-202,-185,-177,-476,-358,-455,-445,-544,-484,-501,-416,-451,-425,-1292,-556,-547,-529,-505,-290,-477,0,-442,-117,-920,-267,-670,-80,-80,-80,-80,0,-68,0,-710,-21,-40,0,-57,0]} 1. d4 Nf6 2. Nc3 d5 3. Bf4 c5 4. e3 e6 5. Nb5 Na6 $1 6. a4 {D00: 1 d4 d5: Unusual lines.} Be7 7. h3 O-O 8. Nf3 {The position is equal.} Bd7 9. c3 c4 10. Ne5 (10. b3 $11) 10... Bxb5 $15 11. axb5 Nc7 12. Qa4 a6 13. bxa6 Rxa6 14. Qd1 {[#]} Rxa1 $146 ({Predecessor:} 14... Qe8 15. Rxa6 bxa6 16. Be2 Qb5 17. Qc1 Rb8 18. b4 a5 19. Nxc4 dxc4 20. Bxc7 Rc8 21. Bxa5 {1-0 (43) Lenderman,A (2627)-Van Foreest,J (2546) Chess.com INT 2015}) 15. Qxa1 Qa8 16. Qb1 Qa5 (16... b5 $15 17. Ng4 Nce8) 17. Be2 $11 Nb5 {[%cal Ob5c3] And now ...Nxc3! would win.} 18. O-O Ra8 19. f3 Nd6 20. e4 Nh5 21. Bh2 Bh4 22. exd5 exd5 23. Qc1 Qd8 24. f4 Ng3 25. Bxg3 Bxg3 26. f5 {[#]} (26. Bf3 $11) 26... f6 (26... Qh4 $1 $17 {...f6 is the strong threat.} 27. Bf3 Ra5) 27. Ng4 Qe7 28. Bf3 Ra5 (28... Qf7 $1 $11) 29. Ne3 $14 Ne4 30. Nxd5 Rxd5 $11 31. Qe3 Rxf5 {[%cal Og8f8] White must now prevent ...Kf8!} 32. Bxe4 (32. Qxe4 $2 Qxe4 33. Bxe4 {[#]} Bh2+ $1 34. Kxh2 Rxf1 $19) 32... Bh2+ $1 33. Kxh2 Rxf1 {[%mdl 4096] Endgame KQR-KQB} 34. Bd5+ $2 (34. Qe2 $1 $11 Kf8 35. Qxf1 Qxe4 36. Qf2 (36. Qxc4 Qf4+ 37. g3 Qf2+ 38. Kh1 Qf3+ 39. Kh2 Qf2+ 40. Kh1 Qf3+ 41. Kh2 Qf2+ $11)) 34... Kf8 $19 35. Qg3 g5 {Hoping for ...b5.} (35... b5 36. Qb8+ Qe8 37. Qd6+ Qe7 38. Qb8+ Qe8 39. Qd6+ Qe7 40. Qb8+ $11) 36. Bxc4 Rf4 37. Bd5 h5 {[%cal Bh7h5,Bh5h4][%mdl 32]} 38. c4 $2 (38. Bf3 {is the only way for White.}) 38... h4 39. Qd3 Kg7 {To avoid Qg6+} 40. Qd1 Kh6 41. b3 b6 42. Qa1 Qe3 {Threatens to win with ...Rf2.} 43. Bf3 (43. Qa8 $142 Qg3+ 44. Kg1 Qe1+ 45. Kh2 Rxd4 46. Qf8+ Kg6 47. Qg8+ (47. Qf7+ $2 Kf5 $19) 47... Kf5 48. Qc8+ Kf4 49. Qg4+ Ke3 50. Qf3+ Kd2 51. Qxf6 Qg3+ 52. Kg1 Qe3+ 53. Kh1) 43... Rxd4 (43... Rxf3 $142 44. gxf3 Qf2+ 45. Kh1 Qxf3+ 46. Kh2 Qg3+ 47. Kh1 Qxh3+ 48. Kg1 Qg3+ 49. Kh1 Qh3+ 50. Kg1 Qxb3) 44. Qa8 Qe5+ 45. Kg1 Qe1+ 46. Kh2 Qe5+ 47. Kg1 $1 g4 $2 (47... Qe1+ $2 48. Kh2 Qe5+ $19) (47... Rd2 $19 48. Kh1 Rf2 49. Qh8+ Kg6 50. Qg8+ Kf5 51. Qh7+ Ke6 52. Qg8+ Kf5 53. Qh7+ Kf4) 48. Bxg4 $2 {[%mdl 8192]} (48. Qh8+ $17 Kg5 49. hxg4) 48... Kg5 $2 (48... Re4 49. Qh8+ Kg5 50. Qh5+ Kf4 51. Qxe5+ fxe5) 49. Qh8 $2 (49. Bf3 Kf4 50. Qh8) 49... Qe1+ $2 (49... Re4 $19 {is more deadly.} 50. Qh5+ Kf4 51. Qxe5+ (51. Qxh4 Re1+ 52. Kh2 Ke4+ 53. Qg3 Rh1+ 54. Kxh1 Qxg3 55. Bh5 Ke3 56. Bf3 Qe1+ 57. Kh2 Kf2 58. h4 Qe5+ 59. Kh1 Qg3 60. h5 Qh4#) 51... fxe5) 50. Kh2 $17 Qg3+ ({Much worse is} 50... Kg6 51. Qg8+ Kh6 52. Qh8+ Kg6 53. Qg8+ Kh6 54. Qh8+ Kg6 $11) 51. Kg1 Qe1+ 52. Kh2 Qe5+ $2 {[%mdl 8192]} ({Reject} 52... Kg6 53. Qg8+ Kh6 54. Qh8+ Kg6 55. Qg8+ Kh6 56. Qh8+ Kg6 $11) (52... Rd6 $15 53. Qh5+ Kf4) 53. Kg1 $1 $19 Qe3+ $2 (53... Re4 $19 {( -> ...Re1+)} 54. Qh5+ Kf4 55. Qxe5+ fxe5) 54. Kh2 $1 $11 {Intending Qh5+ and mate. Chess con chili.} Qg3+ (54... Qe4 $5 {[%cal Re4e5]} 55. Qh5+ Kf4 $11) 55. Kg1 $1 Qe1+ {Weighted Error Value: White=0.56/Black=0.96} (55... Rd6 $1 $15) 1/2-1/2

[Event "Frauenbundesliga 2021-22"]
[Site "Germany"]
[Date "2022.03.19"]
[Round "5.8"]
[White "Radikovic, Anamarija"]
[Black "Schleining, Zoya"]
[Result "1/2-1/2"]
[WhiteElo "2121"]
[BlackElo "2320"]
[Annotator "ChessBase"]
[PlyCount "67"]
[EventDate "2021.11.26"]
[EventType "team-tourn"]
[EventCountry "GER"]
[SourceTitle "playchess.com"]
[Source "ChessBase"]
[SourceQuality "1"]
[TimeControl "40/5400+30:1800+30"]

1. e4 {[%emt 0:00:02]} e5 {[%emt 0:00:56]} 2. Nf3 {[%emt 0:00:11]} Nc6 {[%emt 0:00:13]} 3. Nc3 {[%emt 0:00:07]} Nf6 {[%emt 0:00:32]} 4. d4 {[%emt 0:00:43]} exd4 {[%emt 0:01:08]} 5. Nxd4 {[%emt 0:00:07]} Bb4 {[%emt 0:03:02]} 6. Nxc6 {[%emt 0:00:11]} bxc6 {[%emt 0:00:04]} 7. Bd3 {[%emt 0:00:10]} O-O {[%emt 0:03:10]} 8. O-O {[%emt 0:00:15]} Re8 {[%emt 0:00:21]} 9. Qf3 {[%emt 0:04:40]} Rb8 {[%emt 0:07:41]} 10. h3 {[%emt 0:04:05]} Bd6 {[%emt 0:04:46]} 11. Rb1 {[%emt 0:07:03]} Qe7 {[%emt 0:09:37]} 12. Bf4 {[%emt 0:00:33]} Bxf4 {[%emt 0:04:43]} 13. Qxf4 {[%emt 0:00:06]} d6 {[%emt 0:00:29]} 14. b3 {[%emt 0:13:55]} Nd7 {[%emt 0:07:42]} 15. Qd2 {[%emt 0:21:46]} Nc5 {[%emt 0:11:40]} 16. f4 {[%emt 0:07:34]} Nxd3 {[%emt 0:05:04]} 17. cxd3 {[%emt 0:03:05]} f5 {[%emt 0:02:30]} 18. Rbe1 {[%emt 0:04:15]} Qh4 {[%emt 0:01:45]} 19. d4 {[%emt 0:09:07]} fxe4 {[%emt 0:02:20]} 20. Nxe4 {[%emt 0:02:24]} Ba6 {[%emt 0:02:27]} 21. Rf3 {[%emt 0:00:09]} Re7 {[%emt 0:10:12]} 22. Rfe3 {[%emt 0:09:38]} Rbe8 {[%emt 0:09:14]} 23. Nf2 {[%emt 0:00:14]} Kf8 {[%emt 0:04:21]} 24. Ng4 {[%emt 0:05:36]} h5 {[%emt 0:03:29]} 25. Rxe7 {[%emt 0:00:40]} Rxe7 {[%emt 0:00:08]} 26. Rxe7 {[%emt 0:00:42]} Qxe7 {[%emt 0:00:11]} 27. Nh2 {[%emt 0:01:33]} Qe4 {[%emt 0:01:54]} 28. Nf3 {[%emt 0:00:31]} Bd3 {[%emt 0:01:10]} 29. Kf2 {[%emt 0:02:16]} a5 {[%emt 0:01:13]} 30. Qe3 {[%emt 0:01:03]} Qxe3+ {[%emt 0:01:05]} 31. Kxe3 {[%emt 0:00:05]} Bf1 {[%emt 0:00:19]} 32. Kf2 {[%emt 0:00:20]} Bd3 {[%emt 0:00:27]} 33. Ke3 {[%emt 0:00:19]} Bf1 {[%emt 0:00:12]} 34. Ke4 1/2-1/2